00929nam a2200265Ia 4500001000900000003000500009005001700014008004100031010001100072040000900083082001500092110003700107245009500144260004900239300001100288500001300299650003500312650002400347901001500371902000600386905006300392942001500455999001900470952017400489dia_2249CHAP20230329133048.0220117s1988 xx 000 0 und d a172768 cCHAP a641.306 N3 aNational Research Council980369 aDesigning Foods; Animal Product Option in the Marketplace /c by National Research Council aWashington :b National Academy Press,c1988 a367 p. aI.174713 a1.Productos animales/ 9152463 aNutrición.982246 a641.306 N3 aM a0000001988 WASX 0000000000ING00 cLIBRO2ddc c172768d172768 00102ddc4051708GRALaIA_bIA_d1994-11-22eCompra Librería Patena F. 802 / R. (22/11/1994)g128.00i174713l0o641.306 N3pdia_3970r2022-01-18 00:00:00t1yLIBRO